Bayer Leverkusen Trivia - Statistics

General Stats
  • This quiz has been taken 209 times
    123 since last reset
  • The average score is 9 of 16
Answer Stats
Question Answer % Correct
Who is the current head coach of Bayer Leverkusen? Xabi Alonso
100%
Who is Bayer Leverkusen’s record sale, joining Chelsea for £72m in 2020? Kai Havertz
82%
Who is the current captain of Bayer Leverkusen? Lukáš Hrádecký
80%
In what year did Bayer Leverkusen reach their only UEFA Champions League Final? 2002
79%
What is the name of Bayer Leverkusen’s stadium? BayArena
79%
Köln
71%
Who was the last Bayer Leverkusen player to win the Kicker-Torjägerkanone award for the top scorer in the Bundesliga, scoring 25 goals in the 2012-13 season? Stefan Kießling
62%
What is Bayer Leverkusen’s nickname, which translates into English as “The Company’s Eleven”? Die {Werkself}
59%
With which clubs does Bayer Leverkusen contest the Rheinlandderby? Borussia Mönchengladbach
54%
Who is Bayer Leverkusen’s record signing, arriving from Hoffenheim for £28.8m in 2019? Kerem Demirbay
50%
Which German is Bayer Leverkusen’s all-time record goalscorer with 220? Ulf Kirsten
45%
Which club’s reserve team did Bayer Leverkusen beat in the 1993 DFB-Pokal Final? Hertha BSC
41%
In the list of Bayer Leverkusen’s all-time top goalscorers, who is the highest-ranking non-German? Dimitar Berbatov
36%
Which German holds the record for most Bayer Leverkusen appearances with 483? Rüdiger Vollborn
30%
Which manager guided Bayer Leverkusen to three 2nd place finishes in his four years in charge? Christoph Daum
29%
Which club did Bayer Leverkusen beat to win the 1988 UEFA Cup Final? Espanyol
26%
No matching quizzes found
Score Distribution
Percent of People with Each Score
Percentile by Number Answered
Your Score History
You have not taken this quiz since the last reset